Konštituovanie politického systému Poľskej republiky po roku 1989 diplomová práca

Salvato in:
Dettagli Bibliografici
Autore principale: Ďaďová, Jana
Ente Autore: Fakulta medzinárodných vzťahov EU. Katedra medzinárodných politických vzťahov
Altri autori: Vokálová, Emília
Natura: Libro
Lingua:slovacco
Pubblicazione: Bratislava 2010
Tags: Aggiungi Tag
Nessun Tag, puoi essere il primo ad aggiungerne!!

MARC

LEADER 00000nam a2200000 4500
001 0121410
005 20240318122439.7
041 0 |a slo 
044 |a SK 
245 1 0 |a Konštituovanie politického systému Poľskej republiky po roku 1989  |b diplomová práca  |c Jana Ďaďová ; škol. Emília Vokálová 
264 1 |a Bratislava  |c 2010 
300 |a 65 s. 
100 1 |a Ďaďová, Jana 
700 1 |a Vokálová, Emília 
710 2 |a Fakulta medzinárodných vzťahov EU. Katedra medzinárodných politických vzťahov